000 00368nam a2200157Ia 4500
008 241014s9999||||xx |||||||||||||| ||und||
020 _a0-683-04095-2
060 _aQZ 200 H 1997
100 _aHolland, James . F
245 0 _aCancer Medicine Vol 2
250 _a4th
260 _bWilliams & Wilkins
300 _a3367
650 _aMedicine
942 _bSPH
_cBK
999 _c19156
_d19156